| 000 | 01103nam a2200277 a 4500 | ||
|---|---|---|---|
| 001 | SSB002844 | ||
| 005 | 20141001093300.0 | ||
| 008 | |||
| 020 | _a9781259010880 (pbk.) | ||
| 050 | 0 | 0 |
_aHF 5686.C7 _b.T346a 2014 |
| 100 | 1 | _aThibodeau, Jay C. | |
| 245 | 1 | 0 |
_aAuditing and accounting cases : _binvestigating issues of fraud and professional ethics / _cDr. Jay C. Thibodeau and Deborah Freier. |
| 250 | _a4th edition. | ||
| 260 |
_aSingapore : _bMcGraw-Hill Education, _cc2014. |
||
| 263 | _a1303. | ||
| 300 |
_axv, 272 pages ; _c23 cm. |
||
| 500 | _aRevision of the authors' Auditing after Sarbanes-Oxley. | ||
| 521 | _aAccountancy | ||
| 610 | 1 | 0 |
_aUnited States. _tSarbanes-Oxley Act of 2002. |
| 650 | 0 |
_aCorporations _xAccounting _xCorrupt practices _zUnited States _vCase studies. |
|
| 650 | 0 |
_aCorporations _zUnited States _xAuditing _vCase studies. |
|
| 650 | 0 |
_aCorporations _xMoral and ethical aspects _zUnited States _vCase studies. |
|
| 650 | 0 |
_aProfessional ethics _zUnited States _vCase studies. |
|
| 700 | 1 | _aFreier, Deborah. | |
| 942 |
_2lcc _cBK _kFOR |
||
| 999 |
_c275979 _d275979 |
||